Startup má svoje pravidlá

Obľúbený trend u mladých - start-upy. Možnosť využiť viacero foriem financovania. Dobrý nápad a využitie vlastného, či rodinného kapitálu. Financie od biznis anjelov. Až 41 percent start-upov na Slovensku v úvodnej fáze bez príjmov. Silná zbraň slovenských start-upov.

Enregistré dans:
Détails bibliographiques
Auteur principal: Žuffa, Radovan
Format: Chapitre de livre
Langue:slovaque
Sujets:
Tags: Ajouter un tag
Pas de tags, Soyez le premier à ajouter un tag!

MARC

LEADER 00000naa a2200000 4500
001 0211987
005 20231113083854.5
041 0 |a slo 
044 |a SK 
245 1 0 |a Startup má svoje pravidlá  |c Radovan Žuffa 
520 |a Obľúbený trend u mladých - start-upy. Možnosť využiť viacero foriem financovania. Dobrý nápad a využitie vlastného, či rodinného kapitálu. Financie od biznis anjelov. Až 41 percent start-upov na Slovensku v úvodnej fáze bez príjmov. Silná zbraň slovenských start-upov. 
610 2 0 |a start-up 
610 2 0 |a podnikanie 
610 2 0 |a podnikatelia 
610 2 0 |a financovanie 
610 2 0 |a financie 
610 2 0 |a technológie informačné 
610 2 0 |a technológie komunikačné 
100 1 |a Žuffa, Radovan